<?xml version="1.0" encoding="UTF-8"?>
<collection xmlns="http://www.loc.gov/MARC21/slim">
 <record>
  <leader>05209nam a2200361 a 4500</leader>
  <controlfield tag="001">1/47436</controlfield>
  <controlfield tag="008">171003s2005    gr       b    001 0 gre  </controlfield>
  <datafield tag="020" ind1=" " ind2=" ">
   <subfield code="a">9608354315</subfield>
  </datafield>
  <datafield tag="035" ind1=" " ind2=" ">
   <subfield code="l">50418</subfield>
  </datafield>
  <datafield tag="040" ind1=" " ind2=" ">
   <subfield code="a">GR-PeUP</subfield>
  </datafield>
  <datafield tag="082" ind1="0" ind2="0">
   <subfield code="a">302.23 ΠΛΕ</subfield>
  </datafield>
  <datafield tag="100" ind1="1" ind2=" ">
   <subfield code="a">Πλειός, Γιώργος,</subfield>
   <subfield code="d">1959-</subfield>
  </datafield>
  <datafield tag="245" ind1="1" ind2="0">
   <subfield code="a">Πολιτισμός της εικόνας και εκπαίδευση :</subfield>
   <subfield code="b">ο ρόλος της εικονικής ιδεολογίας /</subfield>
   <subfield code="c">Γιώργος Πλειός.</subfield>
  </datafield>
  <datafield tag="260" ind1=" " ind2=" ">
   <subfield code="a">Αθήνα :</subfield>
   <subfield code="b">Πολύτροπον,</subfield>
   <subfield code="c">2005.</subfield>
  </datafield>
  <datafield tag="300" ind1=" " ind2=" ">
   <subfield code="a">514 σ. :</subfield>
   <subfield code="b">πίν. ;</subfield>
   <subfield code="c">23 εκ.</subfield>
  </datafield>
  <datafield tag="490" ind1="1" ind2=" ">
   <subfield code="a">ΜΜΕ - Κοινωνία - Πολιτισμός ;</subfield>
  </datafield>
  <datafield tag="500" ind1=" " ind2=" ">
   <subfield code="a">Περιεχόμενα: ΠΕΡΙΕΧΟΜΕΝΑ: Πρόλογος -- Εισαγωγή -- Κεφ. 1ο: Εκπαίδευση και ΜΜΕ: αναζήτηση μιας θεωρητικής προσέγγισης -- Θεωρίες της &quot;αδιάφορης&quot; σχέσης ΜΜΕ και εκπαίδευσης -- Θεωρίες της &quot;ισχυρής επιρροής&quot; των ΜΜΕ στην εκπαίδευση -- Η ιστορική-πολιτισμική θεώρηση -- Κεφ. 2ο: Εκπαίδευση και ΜΜΕ στην πρώιμη και ώριμη νεωτερικότητα: Από την προ-εικονιστική στην πρώτη εικονιστική περίοδο -- Εκπαίδευση και ΜΜΕ Ι: Η περίοδος της &quot;συμμαχίας&quot; -- Εκπαίδευση και ΜΜΕ II: Η περίοδος της λειτουργικής διαφοροποίησης -- Κεφ. 3ο: Ο εξεικονισμός της εκπαίδευσης στην ύστερη νεωτερικότητα -- Εκπαίδευση και ΜΜΕIII. Η περίοδος προσαρμογής της εκπαίδευσης -- στην εμπορευματική συμβολική παραγοογή και στην τεχνολογική εικόνα -- Από την αυτονομία έναντι της τεχνολογικής εικόνας, στον εξεικονισμό της εκπαίδευσης -- Ο εξεικονισμός της εκπαιδευτικής γνώσης -- Κεφ. 4ο: Οι μεταβολές στην οργάνωση και το περιεχόμενο της εκπαιδευτικής γνώσης -- Εικόνα, τηλεόραση και αντιλήψεις για τους κοινωνικούς ρόλους -- Η τηλεοπτική απεικόνιση των κοινωνικών ρόλων την εκπαίδευση -- Εξεικονισμός του περιεχομένου της εκπαιδευτικής γνώσης: Η &quot;Εκπαίδευση στα ΜΜΕ&quot; -- Ο εξεικονισμός της εκπαιδευτικής γνώσης και οι &quot;θεματικές ενότητες&quot; -- Ορισμένες συνέπειες του εξεικονισμού της εκπαίδευσης στον εκπαιδευτικό πολιτισμό της ύστερης νεωτερικότητας -- Κεφ. 5ο: Ο εξεικονισμός της εκπαίδευσης και ένα νέο μορφωτικό κεφάλαιο -- Η συμβολική παραγωγή, τα παραγωγικά κίνητρα και η θέση της εικόνας -- Αγορά εργασίας, τυπική εκπαίδευση και εργασιακά προσόντα -- Το νέο μορφωτικό κεφάλαιο και ορισμένες επιπλοκές του -- Εισαγωγικές επισημάνσεις -- Επίμετρο - &quot;Προσοντοποίηση&quot; και Αντικειμενοποίηση της Εικονικής Ιδεολογίας.</subfield>
  </datafield>
  <datafield tag="504" ind1=" " ind2=" ">
   <subfield code="a">Περιέχει βιβλιογραφία και ευρετήριο.</subfield>
  </datafield>
  <datafield tag="650" ind1=" " ind2="4">
   <subfield code="a">Μέσα μαζικής ενημέρωσης</subfield>
   <subfield code="x">Κοινωνικές απόψεις.</subfield>
  </datafield>
  <datafield tag="650" ind1=" " ind2="4">
   <subfield code="a">Τηλεοπτικές εκπομπές διαλόγου</subfield>
   <subfield code="x">Κοινωνικές απόψεις.</subfield>
  </datafield>
  <datafield tag="650" ind1=" " ind2="4">
   <subfield code="a">Mass media and education</subfield>
   <subfield code="z">Greece.</subfield>
  </datafield>
  <datafield tag="650" ind1=" " ind2="4">
   <subfield code="a">Mass media in education</subfield>
   <subfield code="z">Greece.</subfield>
  </datafield>
  <datafield tag="650" ind1=" " ind2="4">
   <subfield code="a">Μέσα μαζικής ενημέρωσης στην εκπαίδευση.</subfield>
  </datafield>
  <datafield tag="650" ind1=" " ind2="4">
   <subfield code="a">Μέσα μαζικής ενημέρωσης και παιδιά.</subfield>
  </datafield>
  <datafield tag="650" ind1=" " ind2="4">
   <subfield code="a">Μέσα μαζικής επικοινωνίας στην εκπαίδευση.</subfield>
  </datafield>
  <datafield tag="650" ind1=" " ind2="4">
   <subfield code="a">Εκπαίδευση</subfield>
   <subfield code="x">Κοινωνικές απόψεις</subfield>
   <subfield code="z">Ελλάδα.</subfield>
  </datafield>
  <datafield tag="650" ind1=" " ind2="4">
   <subfield code="a">Education</subfield>
   <subfield code="x">Social aspects</subfield>
   <subfield code="z">Greece.</subfield>
  </datafield>
  <datafield tag="650" ind1=" " ind2="4">
   <subfield code="a">Audio-visual education.</subfield>
  </datafield>
  <datafield tag="650" ind1=" " ind2="4">
   <subfield code="a">Οπτικοακουστική εκπαίδευση.</subfield>
  </datafield>
  <datafield tag="650" ind1=" " ind2="4">
   <subfield code="a">Mass media and education</subfield>
   <subfield code="z">Greece.</subfield>
  </datafield>
  <datafield tag="830" ind1=" " ind2=" ">
   <subfield code="a">ΜΜΕ - Κοινωνία - Πολιτισμός.</subfield>
  </datafield>
  <datafield tag="852" ind1=" " ind2=" ">
   <subfield code="a">INST</subfield>
   <subfield code="b">UNIPILB</subfield>
   <subfield code="c">MAIN</subfield>
   <subfield code="e">20171003</subfield>
   <subfield code="h">302.23 ΠΛΕ</subfield>
   <subfield code="p">00178346</subfield>
   <subfield code="q">00178346</subfield>
   <subfield code="t">LOAN</subfield>
   <subfield code="y">0</subfield>
   <subfield code="4">2</subfield>
  </datafield>
  <datafield tag="852" ind1=" " ind2=" ">
   <subfield code="a">INST</subfield>
   <subfield code="b">UNIPILB</subfield>
   <subfield code="c">MAIN</subfield>
   <subfield code="e">20171003</subfield>
   <subfield code="h">302.23 ΠΛΕ</subfield>
   <subfield code="p">00178347</subfield>
   <subfield code="q">00178347</subfield>
   <subfield code="t">LOAN</subfield>
   <subfield code="y">0</subfield>
   <subfield code="4">1</subfield>
  </datafield>
 </record>
</collection>
